000
00392nam a2200133Ia 4500
008
100328s9999 xx 000 0 und d
082
_b
4287
100
_a
वरेरकर भार्गवराम विठ्ठल
245
_a
विषवृक्ष
260
_b
नवभारत
630
_a
विषवृक्ष
730
_a
विषवृक्ष
942
_c
BOOK
999
_c
500357
_d
500354